Normal view
MARC view
- الادارة التربوية
Entry Topical Term
001 - CONTROL NUMBER
- control field: 59929
003 - CONTROL NUMBER IDENTIFIER
- control field: JO-AjAnu
005 - DATE AND TIME OF LATEST TRANSACTION
- control field: 20230606083809.0
008 - FIXED-LENGTH DATA ELEMENTS
- fixed length control field: 230606|| aca||aabn | a|a d
040 ## - CATALOGING SOURCE
- Original cataloging agency: JO-AjAnu
- Transcribing agency: JO-AjAnu
150 ## - HEADING--TOPICAL TERM
- Topical term or geographic name entry element: الادارة التربوية
670 ## - SOURCE DATA FOUND
- Source citation: Work cat.: (JO-AjAnu)30561: العريشي، جبريل بن حسنواخرون، م.مشارك عيد عبد الواحد علي، م.مشارك فايزة احمد احمد السيد، م.مشارك احمد حسين احمد السيد, author 59928, هندسة القيادة التربوية وثقافة التغيير